[Event "Corus A"]
[Site "Wijk aan Zee NED"]
[Date "2006.01.24"]
[Round "9"]
[White "Karjakin, Sergey"]
[Black "Topalov, Veselin"]
[Result "0-1"]
[WhiteElo "2660"]
[BlackElo "2801"]
[Annotator "Mikhail Golubev (www.chesstoday.net)"]
[PlyCount "100"]
[EventDate "2006.01.14"]
[EventType "tourn"]
[EventRounds "13"]
[EventCountry "NED"]
[EventCategory "19"]
[Source "Chess Today"]
[SourceDate "2006.02.02"]

{During the Corus-2006 I played in a much more modest tournament in Bucharest
and followed Wijk aan Zee events mainly in our newspaper. The main Corus
brilliancies are already annotated by my colleagues, but there still remains
some very interesting encounters. Such as this game, which was very important
for the outcome of the tournament - and also moved the theory forward a bit.} 
1. e4 c5 2. Nf3 Nc6 3. d4 cxd4 4. Nxd4 Nf6 5. Nc3 e5 6. Ndb5 d6 7. Bg5 a6 8.
Na3 b5 9. Nd5 Be7 10. Bxf6 Bxf6 11. c3 Bg5 12. Nc2 {#} O-O ({
Another Round 9 game, Anand-Van Wely saw} 12... Rb8 $5 {
(one of the most important deviations for Black from the main line)} 13. a4
bxa4 14. Ncb4 Bd7 15. Bxa6 Nxb4 16. cxb4 O-O 17. O-O Bc6 {(In Golubev -
Rogozenko, Nikolaev Zonal 1995 the draw was agreed here. I did not know any
theory of the early ...Bg5/...Rb8 then and spent a serious amount of time for
the moves.)} 18. Rxa4 Bxa4 19. Qxa4 $44 Qe8 $6 ({A dubious novelty. In his
book "The Sveshnikov Reloaded" Rogozenko cites two games with} 19... f5 {
and 19...g6.}) 20. Qxe8 Rfxe8 21. b5 $1 {
. The endgame is better for White - later he won.}) 13. a4 bxa4 14. Rxa4 a5 15.
Bc4 Rb8 16. Ra2 Kh8 17. Nce3 {# After the game Ponomariov-Kramnik from
Corus-2005, this position became trendy. The alternative for White is 17.0-0,
but after 17...f5! Black enjoyed good results in practice.} Bxe3 {Solid!} (
17... g6 18. h4 ({or} 18. O-O f5 19. Qa4 $1 {Anand-Kasparov, Linares 2005}) {
and now 18...Bxh4 was Ponomariov-Kramnik, Wijk aan Zee 2005 - Kramnik stood
unsafe in that game. In Kasimdzhanov-Ivanchuk, Tallinn (Keres mem) rpd 2006
Black insteadtried} 18... Bh6 {, but after} 19. h5 Kg7 20. Qd2 Rh8 21. g3 Bd7
22. f4 {his position was dubious.}) (17... Ne7 18. O-O $14 {
(as in Tseshkovky-Vukic, Banja Luka 1981)}) ({and} 17... Be6 {
were sometimes tested as well.}) 18. Nxe3 Ne7 {
"White is only marginally better", comments Rogozenko in the book.} 19. b3 ({
The purpose of this novelty, as it was pointed out by ChessPro.ru commentator
GM Shipov, is to avoid the exchange of knights. 19.b3 does not refute the
"Sveshnikov", but it can be called a micro-improvement. Instead,} 19. O-O f5 $1
20. exf5 Nxf5 {was tested in a couple of games. There,} 21. Nd5 {
can be faced by} Ne7 $1 $11) 19... f5 20. exf5 Nxf5 21. Nd5 Bb7 ({Now} 21...
Ne7 $2 22. Nxe7 Qxe7 {loses a pawn after} 23. Rxa5) 22. O-O Rc8 $1 {
# Black prepares ...Rc5.} 23. Qd3 {
Keeping central control. I suspect that there hardly was anything stronger.}
Nh4 $5 ({Avoiding simplifications. The alternative was} 23... Rc5 {, provoking}
24. b4 $5 axb4 25. cxb4 {
. According to Steve Giddins (BCM Online), "Topalov assessed the position after
} Rc8 26. Ba6 {as unclear".} {Mark Crowther in TWIC continues with} Bxa6 27.
Rxa6 Nd4 {. What is most unclear in this line is how any side (especially
Black) can hope for a win.}) 24. Rd1 (24. Rfa1 Rc5 {and now} 25. b4 {
is answered by} Rxc4 $1 ({not} 25... axb4 $2 26. cxb4 $16 Rxc4 27. Qxc4 Qg5 28.
f4 exf4 {and now} 29. Qxf4 $1 Rxf4 30. Ra8+ {with a mate makes the difference})
26. Qxc4 Qg5 $44 {an if} 27. f4 {, then} exf4 $1 {, attacking.}) 24... h6 $1 {
A strong move - useful and waiting.} ({Shipov shows that worse was} 24... Qg5
25. Qg3 $1 Qh5 26. Be2 Qh6 27. Rxa5 $1) ({as well as} 24... Rc5 25. b4 $1 axb4
26. cxb4 {(+/= MG)} Qg5 $2 27. f4 $1 $18) 25. Qg3 ({The line} 25. Rad2 $2 a4 $1
26. bxa4 Qg5 {(as I understand, first shown by Topalov) is given in the Round
9 report at Coruschess.com.}) 25... Nf5 26. Qg4 (26. Qd3 {
would be a silent draw offer.}) 26... Rc5 ({
Somewhat risky but probably playable for Black was} 26... Bxd5 $5 27. Rxd5 Ne7
28. Rdxa5 (28. Rd1 d5 29. Rad2 $2 Qb6 $1 {MG}) 28... d5 29. Bf1 Rxc3 {
"with unclear play" - Giddins.}) 27. Rad2 (27. b4 $5 axb4 28. cxb4 Rc8 29. Ra7
Bxd5 30. Bxd5 Qf6 31. Ra2 Nd4 {and Shipov assesses it as a bit better for
White. Not easy to judge: Black has his trumps: a strong d4-knight and hopes
for activity.}) 27... Bc8 $1 $11 28. Qe4 Bb7 {#} 29. h3 ({
Refusing to repeat the position by} 29. Qg4 {.}) ({After} 29. Rd3 {
the weakness of White's first rank tells in the line} Ne7 30. Qe3 Nxd5 31. Bxd5
Bxd5 32. Rxd5 Rxd5 33. Rxd5 Qb8 34. c4 a4 $1 {,}) ({but} 29. g3 $5 {
was possible.}) 29... Nh4 $5 (29... h5 {
("aiming to deprive the white queen  access to the g4 square" - Giddins)} 30.
Rd3 $5 {seems to be somewhat better for White}) ({The calm} 29... Ne7 {
was not bad, but Topalov hopes for an attack.}) 30. Bd3 ({On} 30. Qg4 {,} a4 $1
{with the idea} 31. bxa4 Nxg2 $1 32. Kxg2 Rf4 $17 {looks good for Black.})
30... Rf5 $5 ({More ambitious than} 30... Nf5 31. Bb1 (31. Bc4 {repeats}) 31...
Rxc3 32. Qg4 ({Deserves checking} 32. g4 $5 {- MG}) 32... Bxd5 33. Rxd5 Qf6 $11
{GM Sakaev, www.e3e5.com}) 31. Bb1 ({Later Karjakin confessed that he simply
blundered, overlooking Black's next. But, perhaps, his move is not really bad
after all. White's other playable options were} 31. c4 $5 Bxd5 32. cxd5 $13 {
with mutual chances,}) ({and much more pacific} 31. Bc4 a4 32. Rd3 $1 {
, equalising - Shipov (then} a3 $2 {fails to} 33. g3 $1 {- MG)}) 31... Rxc3 $1
{#} 32. Qg4 (32. Nxc3 $5 Bxe4 33. Nxe4 Rf8 34. Nxd6 Qb8 $1 $15 {(with the idea}
35. Nf7+ Kg8 $1 {and the e5 pawn is protected) may be a bit better for Black.})
(32. Qa4 $5 {is very similar to the line 32.Qg4 h5 (as in the game) 33.Qa4!.
The difference (possibly not too significant) is that here the Black pawn
remains on h6.}) (32. Qxf5 Nxf5 33. Nxc3 {
(suggested as "the lesser evil" at Coruschess.com)} Nd4 $17 {
seems to be clearly better for Black.}) 32... h5 33. Qe2 $2 ({
The turning point of the game. Necessary was} 33. Qa4 $1 $13 Bc6 ({
the position after} 33... Rf8 $5 34. Nxc3 $5 Qg5 35. Be4 Bxe4 36. Qxe4 Nf3+ 37.
Qxf3 $5 Rxf3 38. Ne4 Qg6 39. Rxd6 Qxe4 40. gxf3 Qxf3 41. R1d3 {
looks equal to me}) ({dubious is} 33... Rg5 $6 34. Nxc3 $1 Rxg2+ 35. Kf1 Rg1+
36. Ke2 $1 Bf3+ 37. Kd3 {and Black's attack fails - Shipov}) 34. Nxc3 Bxa4 35.
Bxf5 (35. Rxd6 Qg5 36. Rd8+ Kh7 37. Bxf5+ {
is slightly better for Black after either capture on f5}) 35... Qg5 $5 (35...
Nxf5 36. bxa4 $1 {with the idea of Nb5 is likely to equalise - Shipov}) 36. Be4
Bxb3 37. Rb2 $1 {and White is hardly worse in complications.}) 33... Qg5 $1 $17
{# Starting from this moment, Topalov always retained the advantage (still,
the play of both sides was not free from mistakes as we will see).} 34. f4 $6 (
{After the better} 34. Be4 {good enough is} Rcf3 $5 $17) 34... Rxf4 $1 35. Kh1
({If} 35. Nxf4 {, then} Nf3+ $1 {wins.}) ({As Shipov showed, the try} 35. Qb5
$5 {is nicely refuted by} Rf8 $1 36. Qxb7 Rc1 $1 {, winning.}) 35... Nxg2 $1 {
Another blow. And one more white pawn leaves the board.} 36. Qxg2 ({After} 36.
Nxc3 {either} Rh4 {or 36...Qh4 are equally good.}) 36... Rg3 $2 (36... Qh4 $1 {
could have finished the game very quickly.}) 37. Nxf4 Bxg2+ ({
When making his 36th move Topalov overlooked that after} 37... exf4 $4 38. Qxb7
{there is no mate:} Rxh3+ 39. Rh2) 38. Nxg2 Rxh3+ 39. Kg1 Rg3 40. Rf2 $1 {
# White is much worse but he is still in the game. At the moment he even
threatens mate in one.} Kg8 41. Rxd6 ({Sakaev opined that} 41. Ba2 {
was a better practical chance.}) 41... h4 $1 ({At first glance,} 41... Qc1+ {
(or 41...Rxg2+ and 42...Qc1+, it does not matter)} 42. Kh2 Rxg2+ 43. Rxg2 Qxb1
{may seem to be easily winning. But then} 44. Rdg6 $1 ({but not} 44. Rd7 $2 Qh7
$1 {, MG}) 44... Qxb3 {(Black was unable to protect his g7-pawn)} 45. Rxg7+ Kf8
(45... Kh8 $6 46. R7g6 $1 $11 {MG}) 46. Ra7 $1 {
gives Black mass of problems, as pointed out by Shipov.}) 42. Rc6 $1 Qg4 $1 ({
Not} 42... Qd8 43. Bf5 $1 {and White gets counterchances.}) 43. Bf5 $2 ({
It is hard to say for what Karjakin counted. His only chance was} 43. Rd6 $1 e4
$1 ({If} 43... Qc8 44. Bf5 $1 {- MG}) 44. Rd4 ({possibly, more stubborn than} 
44. Rd8+ Kh7 45. Rd4 h3 $1 46. Bxe4+ g6 {, etc.}) 44... h3 ({
Black could have considered also} 44... Re3 $5 {- MG}) 45. Bxe4 Qg5 {
(defending against Rd8 mate) and now} 46. Rd5 Qe7 47. Re2 {
(Shipov) could have preserved for White a hope to build a fortress.}) 43...
Rxg2+ 44. Rxg2 Qxf5 {
Basically, the fight is over, but some accuracy from Black is still required.}
45. Rcg6 Qf7 46. R6g4 Qf6 47. Kh2 Kf7 48. Kh3 e4 $1 {#} 49. Rg5 ({Or} 49. Rxh4
g5 50. Rhg4 e3 51. Kg3 Qf1 $1) 49... e3 $1 50. Kxh4 g6 {
The black e-pawn will cost White a rook, so he resigned.} 0-1